MARC

Tag First Indicator Second Indicator Subfields
LEADER 00000cam a2200000 a 4500
001 in00000031359
005 20151007060410.0
008 870904s1987 ne ac b 10100 eng
010 |a  87024818  
020 |a 9024736250 
035 |a (OCoLC)16717715 
035 |9 AAC0755AM 
040 |a DLC  |c DLC  |d TXA  |d UtOrBLW 
049 |a TXAM  |c [A11683274] 
050 0 0 |a QD549  |b .N283 1986 
082 0 |a 668.9  |2 19 
111 2 |a NATO Advanced Research Workshop on "Future Directions in Polymer Colloids"  |d (1986 :  |c Racine, Wis.) 
245 1 0 |a Future directions in polymer colloids /  |c edited by Mohamed S. El-Aasser, Robert M. Fitch. 
264 1 |a Dordrecht ;  |a Boston :  |b Published in cooperation with NATO Scientific Affairs Division by M. Nijhoff,  |c 1987. 
300 |a x, 402 pages :  |b illustrations, portrait ;  |c 25 cm. 
336 |a text  |b txt  |2 rdacontent 
337 |a unmediated  |b n  |2 rdamedia 
338 |a volume  |b nc  |2 rdacarrier 
490 1 |a NATO ASI series. Series E, Applied sciences ;  |v no. 138 
500 |a "Proceedings of the NATO Advanced Research Workshop on 'Future Directions in Polymer Colloids', Racine, Wisconsin, USA, June 30-July 4, 1986"--Title page verso. 
504 |a Includes bibliographies and index. 
650 0 |a Colloids  |v Congresses. 
650 0 |a Polymerization  |v Congresses. 
650 0 |a Polymers  |v Congresses. 
700 1 |a El-Aasser, Mohamed S. 
700 1 |a Fitch, Robert McLellan,  |d 1928- 
710 2 |a North Atlantic Treaty Organization.  |b Scientific Affairs Division. 
830 0 |a NATO ASI series.  |n Series E,  |p Applied sciences ;  |v no. 138. 
999 |a MARS 
999 f f |s 0ff9e121-feda-35f3-b9f4-91672e4ffa0e  |i ba7e7977-9113-38c6-8519-375edc4c5c02  |t 0 
952 f f |p ric  |a Texas A&M University  |b Rellis Campus  |c Joint Library Facility  |s JLF  |d Remote Storage  |t 0  |e QD549 .N283 1986  |h Library of Congress classification  |i unmediated -- volume  |m A14811683274 
998 f f |a QD549 .N283 1986  |t 0  |l Remote Storage